| Tag |
First Indicator |
Second Indicator |
Subfields |
| LEADER |
00000cgm a2200000 i 4500 |
| 001 |
in00005564591 |
| 006 |
m o c |
| 007 |
cr |n||||||||a |
| 007 |
vz |za|z| |
| 008 |
170726s2003 cau006 e o vueng d |
| 005 |
20241201231522.8 |
| 035 |
|
|
|a (OCoLC)ocn995054048
|
| 040 |
|
|
|a ORZ
|b eng
|e rda
|e pn
|c ORZ
|d OCLCQ
|d OCLCO
|d WYU
|d OCLCA
|d OCLCO
|d OCLCQ
|d OCLCA
|d DXU
|
| 019 |
|
|
|a 1443954076
|
| 035 |
|
|
|a (OCoLC)995054048
|z (OCoLC)1443954076
|
| 049 |
|
|
|a TXAM
|
| 245 |
0 |
0 |
|a Caring for patients with special needs.
|p Communicating with the Hearing Impaired /
|c [produced by Medcom, Inc.].
|
| 264 |
|
1 |
|a [Cypress, California] :
|b Medcom,
|c [2003]
|
| 300 |
|
|
|a 1 online resource (6 min.)
|
| 306 |
|
|
|a 000530
|
| 336 |
|
|
|a two-dimensional moving image
|b tdi
|2 rdacontent
|
| 337 |
|
|
|a video
|b v
|2 rdamedia
|
| 337 |
|
|
|a computer
|b c
|2 rdamedia
|
| 338 |
|
|
|a other
|b vz
|2 rdacarrier
|
| 338 |
|
|
|a online resource
|b cr
|2 rdacarrier
|
| 344 |
|
|
|a digital
|2 rda
|
| 347 |
|
|
|a data file
|2 rda
|
| 380 |
|
|
|a Videorecording
|
| 490 |
0 |
|
|a Academic Video Online
|
| 500 |
|
|
|a Title from resource description page (viewed July 26, 2017).
|
| 520 |
|
|
|a This instructional video, from the Caring for Patients with Special Needs series produced by Medcom, Inc, is about communicating with hearing impaired patients.
|
| 546 |
|
|
|a In English.
|
| 650 |
|
0 |
|a Hard of hearing people
|x Communication.
|
| 650 |
|
0 |
|a Communication in nursing.
|
| 650 |
|
0 |
|a Nurse and patient.
|
| 650 |
|
2 |
|a Nurse-Patient Relations
|
| 650 |
|
6 |
|a Communication en soins infirmiers.
|
| 650 |
|
6 |
|a Relations infirmière-patient.
|
| 650 |
|
7 |
|a Communication in nursing.
|2 fast
|0 (OCoLC)fst00870212
|
| 650 |
|
7 |
|a Nurse and patient.
|2 fast
|0 (OCoLC)fst01041457
|
| 655 |
|
7 |
|a Film excerpts.
|2 fast
|0 (OCoLC)fst01726130
|
| 655 |
|
7 |
|a Instructional films.
|2 fast
|0 (OCoLC)fst01726236
|
| 655 |
|
7 |
|a Instructional films.
|2 lcgft
|
| 655 |
|
7 |
|a Film excerpts.
|2 lcgft
|
| 655 |
|
7 |
|a Films de formation.
|2 rvmgf
|
| 710 |
2 |
|
|a Medcom, inc.,
|e production company.
|
| 856 |
4 |
0 |
|u http://proxy.library.tamu.edu/login?url=https://www.aspresolver.com/aspresolver.asp?MARC;3370199
|z Connect to this streaming video (Alexander Street Press)
|t 0
|
| 955 |
|
|
|a Alexander Street Press subscription streaming video
|
| 994 |
|
|
|a 92
|b TXA
|
| 999 |
f |
f |
|s 98f87a05-063e-4b56-8278-78146824ff1f
|i 9c977118-aa2d-44dc-9512-347edd874639
|t 0
|
| 952 |
f |
f |
|a Texas A&M University
|b College Station
|c Electronic Resources
|d Available Online
|t 0
|h Library of Congress classification
|
| 998 |
f |
f |
|t 0
|l Available Online
|